Communes de l'unité urbaine de Rouen - Statistiques

Statistiques générales
  • Ce quiz a été pris 86 fois
  • Le résultat moyen est 19 sur 50
Réponses sur la Carte
Les réponses sont colorées sur une échelle allant du rouge au vert en fonction du pourcentage des utilisateurs qui les ont devinées à leur premier essai. Vous pouvez retrouver ces pourcentages ci-dessous.
 
Statistiques - réponses
Département Pop. Commune % Correct
76 - Seine-Maritime 117 662 Rouen
94%
76 - Seine-Maritime 25 789 Le Grand-Quevilly
92%
76 - Seine-Maritime 22 208 Le Petit-Quevilly
92%
76 - Seine-Maritime 20 165 Mont-Saint-Aignan
77%
76 - Seine-Maritime 29 003 Sotteville-lès-Rouen
76%
76 - Seine-Maritime 812 Sotteville-sous-le-Val
76%
76 - Seine-Maritime 29 518 Saint-Étienne-du-Rouvray
73%
76 - Seine-Maritime 14 539 Bois-Guillaume
72%
76 - Seine-Maritime 8 683 Petit-Couronne
70%
76 - Seine-Maritime 9 566 Darnétal
68%
76 - Seine-Maritime 9 768 Grand-Couronne
68%
76 - Seine-Maritime 15 474 Elbeuf
66%
76 - Seine-Maritime 14 402 Canteleu
62%
76 - Seine-Maritime 8 316 Bihorel
56%
76 - Seine-Maritime 10 802 Déville-lès-Rouen
55%
76 - Seine-Maritime 10 957 Maromme
52%
76 - Seine-Maritime 12 317 Oissel-sur-Seine
51%
76 - Seine-Maritime 6 442 Bonsecours
46%
76 - Seine-Maritime 2 596 Tourville-la-Rivière
44%
76 - Seine-Maritime 3 716 Isneauville
37%
76 - Seine-Maritime 3 265 Amfreville-la-Mi-Voie
35%
76 - Seine-Maritime 8 306 Saint-Pierre-lès-Elbeuf
35%
76 - Seine-Maritime 8 177 Le Mesnil-Esnard
34%
76 - Seine-Maritime 3 975 Boos
32%
76 - Seine-Maritime 6 171 Franqueville-Saint-Pierre
32%
76 - Seine-Maritime 7 071 Notre-Dame-de-Bondeville
32%
76 - Seine-Maritime 1 021 Saint-Aubin-Épinay
32%
76 - Seine-Maritime 8 443 Saint-Aubin-lès-Elbeuf
32%
76 - Seine-Maritime 10 476 Caudebec-lès-Elbeuf
31%
76 - Seine-Maritime 4 795 Cléon
30%
76 - Seine-Maritime 3 103 Quincampoix
28%
76 - Seine-Maritime 1 674 Saint-Martin-du-Vivier
28%
76 - Seine-Maritime 2 264 Belbeuf
23%
76 - Seine-Maritime 4 130 Le Houlme
23%
76 - Seine-Maritime 6 221 Malaunay
23%
27 - Eure 1 567 Alizay
15%
76 - Seine-Maritime 993 Freneuse
14%
27 - Eure 3 995 Grand Bourgtheroulde
14%
27 - Eure 1 689 Igoville
14%
76 - Seine-Maritime 4 625 Montville
14%
76 - Seine-Maritime 818 Orival
14%
76 - Seine-Maritime 2 372 La Londe
11%
76 - Seine-Maritime 3 633 Saint-Léger-du-Bourg-Denis
11%
27 - Eure 1 792 Saint-Ouen-du-Tilleul
10%
27 - Eure 464 Martot
8%
76 - Seine-Maritime 954 Moulineaux
8%
76 - Seine-Maritime 1 245 La Vaupalière
7%
76 - Seine-Maritime 689 Val-de-la-Haye
7%
27 - Eure 3 872 Bosroumois
6%
76 - Seine-Maritime 569 Fontaine-sous-Préaux
6%
Aucun quiz correspondant
Distribution des résultats
% des personnes avec chaque résultat
Percentile par nombre de réponses
Votre historique - résultats
Vous n’avez pas pris ce quiz